Limitovaná aplikácia flutikazóno-propionanovej masti 0,005 u pacientov so psoriázou tváre a intertriginóznych oblastí

Bibliographic Details
Main Authors: Tan, Mei-Heng (Author), Lewohl, Mark G. (Author), Meador, Stacie L. (Author), Singer, Giselle (Author)
Other Authors: Urbáni, Milan, 1944-2024 (Translator)
Format: Article
Language:Slovak
ISSN:1335-7913
Subjects:

MARC

LEADER 00000nab a2200000 a 4500
001 vtls000882008
003 SK-MaSNL
005 20260304123558.0
008 250429c2004 xo 0 slo
015 |a SNBRB2004/08-24650 
035 |a CLN000233506 
035 |a urn:nbn:sk:snk-ab6i7g 
035 |a (uuid)dbe0f1e1-2cc5-4739-8643-6cd9c5fd1ef1 
035 |a (urnnbn)urn:nbn:sk:snk:ar-003kek 
040 |a SNKBUCL  |b slo  |c SNKBUCL  |e AACR2 
041 0 |a slo 
044 |a xo  |c SK 
080 |a 616.517-085  |2 1997 
245 0 0 |a Limitovaná aplikácia flutikazóno-propionanovej masti 0,005 u pacientov so psoriázou tváre a intertriginóznych oblastí  |c Mark G. Lewohl ... [et al.] 
500 |a J. Am. Acad. Dermatolog. 44, 2001, č. 1, s. 77-82 
650 0 7 |a tvár  |x patológia  |2 MESH  |9 1432813 
650 0 7 |a masti  |x aplikácia a dávkovanie  |x použitie terapeutické  |2 MESH  |9 1432814 
650 0 7 |a psoriáza  |x farmakoterapia  |2 MESH  |9 858572 
650 0 7 |a hormóny kôry nadobličiek  |x aplikácia a dávkovanie  |x použitie terapeutické  |2 MESH  |9 1430009 
650 0 7 |a propionáty  |x analýza  |2 MESH  |9 1432815 
655 7 |a články z novín a časopisov  |2 snkbucl  |9 267496 
700 1 |a Urbáni, Milan,  |d 1944-2024  |4 trl  |9 245891 
700 1 |a Tan, Mei-Heng  |4 aut  |9 1432816 
700 1 |a Lewohl, Mark G.  |4 aut  |9 1432817 
700 1 |a Meador, Stacie L.  |4 aut  |9 1432818 
700 1 |a Singer, Giselle  |4 aut  |9 1432819 
773 0 |t Derma 3. tisícročia  |g Roč. 4, č. 1 (2004), s. 28-29  |x 1335-7913 
850 |a Slovenská národná knižnica 
852 |a Slovenská národná knižnica 
954 |a odborná, vedecká literatúra pôvodná (slovenská)  |2 lita 
958 |a article27 
958 |a MI 
958 |a OND 
958 |a EUIPO 
992 |a RBX 
999 |c 2889691  |d 2891621